Ludwig Tiecks ausgewählte Werke in acht Bänden Inhalt: Die heilige Genoveva - Prolog zum Kaiser Oktavianus Zweiter Band

Bibliographic Details
Main Author: Tieck, Ludwig, 1773-1853 (Author)
Other Authors: Welti, Heinrich (Author of introduction, etc.), Kröner, Adolf (Printer)
Format: Book
Language:German
Published: Stuttgart Gebrüder Kröner Verlagshandlung 1885
Subjects:

MARC

LEADER 00000nam a2200000 4500
001 vtls012158307
003 SK-MaSNL
005 20260302025527.0
008 230113s1885 gw 0 0n0 ger
015 |a SNBHFA 
040 |a SNKHF  |b slo  |c SNKHF  |e rda 
041 0 |a ger 
044 |a gw  |c DE 
072 7 |a 821.112.2  |x Nemecká literatúra, nemecky písaná  |2 konspekt 
080 |a 821.112.2  |2 2011 
100 1 |a Tieck, Ludwig,  |d 1773-1853  |4 aut 
245 1 0 |a Ludwig Tiecks ausgewählte Werke in acht Bänden  |b Inhalt: Die heilige Genoveva - Prolog zum Kaiser Oktavianus  |n Zweiter Band  |c mit einer Einleitung von Heinrich Welti 
246 3 0 |a Ausgewählte Werke in acht Bänden  |b Inhalt: Die heilige Genoveva - Prolog zum Kaiser Oktavianus  |n Zweiter Band 
264 3 |a Stuttgart  |b J. G. Cotta'sche Buchhandlung  |c 1885 
264 1 |a Stuttgart  |b Gebrüder Kröner Verlagshandlung  |c 1885 
300 |a 232 strán  |c 18 cm 
336 |a text  |b txt  |2 rdacontent 
337 |a bez média  |b n  |2 rdamedia 
338 |a zväzok  |b nc  |2 rdacarrier 
508 |a Predslov 
546 |a Nemčina  |b Fraktúra 
561 |a Exlibris: Szepes-Görgői Könyvtár.  |5 SNK ID 103133 
650 0 7 |a nemecká literatúra  |2 SNKPH  |9 1195 
650 0 7 |a poézia  |2 SNKPH  |9 1274 
700 1 |a Welti, Heinrich  |4 aui  |9 445819 
700 1 |a Kröner, Adolf  |4 prt  |9 445820 
710 2 |a J. G. Cotta'sche Buchhandlung (Štuttgart, Nemecko)  |4 pbl  |9 445821 
710 2 |a Knižnica Čákiovcov (Spišský Hrhov, Slovensko)  |4 fmo  |9 261844 
752 |a Nemecko  |d Štuttgart 
852 |a snk  |b Historické fondy  |p ID 103133 
958 |a DF 
958 |a ONDV 
999 |c 1044521  |d 1046451 
952 |t SG 16/91  |a SNK  |b SNK  |c SNK_HF  |y PREZ  |7 0  |p 17A1485733  |o snkID 103133  |i snk2023/569  |8 5  |0 0  |1 0  |4 0  |d 2023-01-13  |l 0  |r 2026-02-24 14:35:38  |w 2026-02-24